书目信息 |
| 题名: |
加强中非合作共建和谐世界
|
|
| 作者: | 蒋大为 著 | |
| 分册: | ||
| 出版信息: | 郑州 河南人民出版社 2007.04 |
|
| 页数: | 30页 | |
| 开本: | 20cm | |
| 丛书名: | ||
| 单 册: | ||
| 中图分类: | D822.34 | |
| 科图分类: | ||
| 主题词: | 外交--中国 | |
| 电子资源: | ||
| ISBN: | 7-215-06219-8 | |
| 000 | 00579nam0 2200193 450 | |
| 001 | 1838085272 | |
| 005 | 20181219103619.34 | |
| 010 | @a7-215-06219-8@dCNY1.50 | |
| 100 | @a20181219d2007 km y0chiy0120 ea | |
| 101 | 0 | @achi |
| 102 | @aCN@b410000 | |
| 200 | 1 | @a加强中非合作共建和谐世界@Ajia qiang zhong fei he zuo gong jian he xie shi jie@f蒋大为著@Fjiang da wei zhu |
| 210 | @a郑州@c河南人民出版社@d2007.04 | |
| 215 | @a30页@d20cm | |
| 606 | 0 | @a外交@x中国 |
| 690 | @aD822.34@v4 | |
| 701 | 0 | @a蒋大为@Ajiang da wei@4著 |
| 801 | 0 | @aCN@bMUSE@c20181219 |
| 905 | @aMUSE@dD822.34@eJ557 | |
| 加强中非合作共建和谐世界/蒋大为著.-郑州:河南人民出版社,2007.04 |
| 30页;20cm |
| ISBN 7-215-06219-8:CNY1.50 |
| ● |
| 相关链接 |
|
|
|
正题名:加强中非合作共建和谐世界
索取号:D822.34/J557
 
预约/预借
| 序号 | 登录号 | 条形码 | 馆藏地/架位号 | 状态 | 备注 |
| 1 | 1282451 | 212824513 | 社科库509/509社科库 79排3列1层/ [索取号:D822.34/J557] | 在馆 |